Logo BPK

Biblioteka

Politechniki Koszalińskiej

Brahms / (Rekord nr 34968)

Szczegóły MARC
000 -ETYKIETA REKORDU
podpole kontrolne o stałej długości 02039njm a2200565 i 4500
001 - NUMER KONTROLNY REKORDU
pole kontrolne 34968
003 - IDENTYFIKATOR NUMERU KONTROLNEGO REKORDU
podpole kontrolne KOSZ 005
005 - DATA OSTATNIEJ MODYFIKACJI REKORDU
podpole kontrolne 20220822083331.0
007 - DANE KONTROLNE - FORMA FIZYCZNA DOKUMENTU
podpole kontrolne o stałej długości sd fsngnnmmned
008 - POLE O STAŁEJ DŁUGOŚCI - DANE KONTROLNE
podpole kontrolne o stałej długości 061010s2005 pl munn i 000 0 d
020 ## - MIĘDZYNARODOWY ZNORMALIZOWANY NUMER KSIĄŻKI - ISBN
ISBN 8360004196
020 ## - MIĘDZYNARODOWY ZNORMALIZOWANY NUMER KSIĄŻKI - ISBN
ISBN 8360004064
040 ## - ŹRÓDŁO KATALOGOWANIA
Instytucja, która utworzyła rekord KOSZ 005
Instytucja, która sporządziła opis KOSZ 005
Instytucja, która dokonała modyfikacji KOSZ 005/AR
041 0# - KOD JĘZYKA
Kod języka tekstu pol
046 ## - DATY KODOWANE
Pojedyncza data lub początek okresu powstania dzieła lub zbioru dzieł 2005
080 ## - UNIWERSALNA KLASYFIKACJA DZIESIĘTNA - UKD
UKD 785(430)
080 ## - UNIWERSALNA KLASYFIKACJA DZIESIĘTNA - UKD
UKD (086.7)
100 1# - NAZWA OSOBOWA
Nazwa osobowa Brahms, Johannes
Daty związane z nazwą (1833-1897)
Określenie rodzaju współpracy Kompozytor
245 10 - TYTUŁ/ODPOWIEDZIALNOŚĆ
Tytuł Brahms /
Pozostałe elementy strefy tytułu i oznaczenia odpowiedzialności Johannes Brahms.
260 ## - STREFA ADRESU WYDAWNICZEGO
Miejsce wydania Warszawa :
Nazwa wydawcy/dystrybutora Mediasat Poland,
Data publikacji, dystrybucji/powstania dokumentu 2005.
300 ## - STREFA OPISU FIZYCZNEGO
Objętość 1 płyta CD (57 min 06 s) :
Inne cechy fizyczne zapis cyfrowy, stereo ;
Rozmiary 12 cm +
Dokument towarzyszący 1 dodatek : 43 strony : ilustracje ; 13 cm x 14 cm.
336 ## - TYP ZAWARTOŚCI
Źródło (terminu i kodu) rdacontent
Termin opisujący typ zawartości Nagranie muzyczne
Kod określający zawartość prm
336 ## - TYP ZAWARTOŚCI
Źródło (terminu i kodu) rdacontent
Wyszczególnienie materiału Dodatek
Termin opisujący typ zawartości Tekst
Kod określający zawartość txt
337 ## - TYP MEDIÓW
Źródło (terminu i kodu) rdamedia
Tryb odtwarzania Audio
Kod typu mediów s
337 ## - TYP MEDIÓW
Źródło (terminu i kodu) rdamedia
Tryb odtwarzania Komputer
Kod typu mediów c
337 ## - TYP MEDIÓW
Źródło (terminu i kodu) rdamedia
Wyszczególnienie materiału Dodatek
Tryb odtwarzania
Kod typu mediów n
338 ## - TYP/RODZAJ NOŚNIKA
Źródło (terminu i kodu) rdacarrier
Hasło opisujące typ nośnika Płyta audio
Kod typu nośnika
338 ## - TYP/RODZAJ NOŚNIKA
Źródło (terminu i kodu) rdacarrier
Wyszczególnienie materiału Dodatek
Hasło opisujące typ nośnika Wolumin
Kod typu nośnika
380 ## - FORMA I TYP PUBLIKACJI
Forma i typ publikacji Muzyka
388 ## - CZAS POWSTANIA
Czas powstania 1801-1900
490 1# - STREFA SERII I DOKUMENTU WIELOCZĘŚCIOWEGO - FORMA NIE DO WYSZUKIWANIA
Tytuł i oznaczenie odpowiedzialności serii Biblioteka Gazety Wyborczej. Wielcy Kompozytorzy ;
Numeracja w obrębie serii 13
500 ## - UWAGI OGÓLNE
Tekst uwagi Tekst komentarza: Joanna Wiśnios.
500 ## - UWAGI OGÓLNE
Tekst uwagi Wykonanie: Royal Philharmonic Orchestra ; James Judd, dyrygent.
500 ## - UWAGI OGÓLNE
Tekst uwagi Nagranie: C.T.S. Sound Studio, Londyn 1994 rok.
505 ## - SFORMALIZOWANA UWAGA DOTYCZĄCA ZAWARTOŚCI
Pełny tekst uwagi II Symfonia D-dur op. 73.
600 17 - HASŁO PRZEDMIOTOWE W FORMIE NAZWY OSOBOWEJ
Nazwa osobowa Brahms, Johannes
Daty związane z nazwą (1833-1897)
648 #7 - HASŁO PRZEDMIOTOWE - TERMIN CHRONOLOGICZNY
Termin chronologiczny 1801-1900
650 #9 - HASŁO PRZEDMIOTOWE W FORMIE NAZWY OGÓLNEJ LUB JEDNOSTKOWEJ
Nazwa ogólna lub geograficzna Kompozytorzy niemieccy
655 ## - TERMIN INDEKSOWY - OKREŚLENIE RODZAJU/FORMY DOKUMENTU
Określenie rodzaju/formy dokumentu Dokumenty dźwiękowe
655 ## - TERMIN INDEKSOWY - OKREŚLENIE RODZAJU/FORMY DOKUMENTU
Określenie rodzaju/formy dokumentu Muzyka instrumentalna
655 ## - TERMIN INDEKSOWY - OKREŚLENIE RODZAJU/FORMY DOKUMENTU
Określenie rodzaju/formy dokumentu Muzyka na orkiestrę
655 ## - TERMIN INDEKSOWY - OKREŚLENIE RODZAJU/FORMY DOKUMENTU
Określenie rodzaju/formy dokumentu Muzyka poważna
655 ## - TERMIN INDEKSOWY - OKREŚLENIE RODZAJU/FORMY DOKUMENTU
Określenie rodzaju/formy dokumentu Symfonia
700 1# - HASŁO DODATKOWE - NAZWA OSOBOWA
Nazwa osobowa Judd, James
Określenie związku między hasłem a opisywanym materiałem Dyrygent
Daty związane z nazwą (1949- )
700 1# - HASŁO DODATKOWE - NAZWA OSOBOWA
Nazwa osobowa Wiśnios, Joanna
Określenie związku między hasłem a opisywanym materiałem Tekst
710 #2 - HASŁO DODATKOWE - NAZWA CIAŁA ZBIOROWEGO
Nazwa ciała zbiorowego lub jednostki geograficznej Mediasat Poland
Określenie związku między hasłem a opisywanym materiałem Wydawca
710 #2 - HASŁO DODATKOWE - NAZWA CIAŁA ZBIOROWEGO
Nazwa ciała zbiorowego lub jednostki geograficznej Royal Philharmonic Orchestra (Londyn)
Określenie związku między hasłem a opisywanym materiałem Wykonanie
830 #0 - HASŁO DODATKOWE SERII LUB DOKUMENTU WIELOCZĘŚCIOWEGO - TYTUŁ UJEDNOLICONY
Tytuł ujednolicony Biblioteka Gazety Wyborczej.
Nazwa części/sekcji dzieła Wielcy Kompozytorzy
Oznaczenie tomu 13
942 ## - DODATKOWE ELEMENTY (KOHA)
Typ dokumentu Płyta CD
Schemat klasyfikacji Uniwersalna Klasyfikacja Dziesiętna
Egzemplarze
Wycofany Status Uszkodzony Dostępność Lokalizacja stała Lokalizacja bieżąca Miejsce przechowywania Cena Sygnatura Kod kreskowy Dział Koszt zastąpienia Typ dokumentu
      Tylko na miejscu Biblioteka Politechniki Koszalińskiej Biblioteka Politechniki Koszalińskiej Czytelnia BG 14.90 CD 1340 00336109 0/9(0.034.2) Dokumenty elektroniczne 14.90 Płyta CD
© 2023 Biblioteka Politechniki Koszalińskiej :: KOHA